| 000 | 00637nam a22001817a 4500 | ||
|---|---|---|---|
| 003 | 0 | ||
| 005 | 20240819150225.0 | ||
| 008 | 240819b xxu||||| |||| 00| 0 eng d | ||
| 020 | _a9780367703073 | ||
| 050 |
_aGV1589 _b.D195 2023 |
||
| 245 |
_aDance research methodologies : _bethics, orientations, and practices _c edited by Rosemary Candelario and Matthew Henley. |
||
| 250 | _aFirst Edition. | ||
| 260 |
_aNew York _bRoutledge, Taylor & Francis Group _c2023 |
||
| 300 |
_axvii, 433 pages ; _c24 cm. |
||
| 504 | _aIncludes bibliographical references and index. | ||
| 650 | _aDance -- Research -- Methodology. | ||
| 942 |
_2lcc _cBK |
||
| 999 |
_c366124 _d366124 |
||